Drugie największe miasta państw europejskich - Statystyki

Ogólne statystyki
  • Ten quiz został rozwiązany 133 razy
    115 od ostatniego zresetowania
  • Średni wynik to 17 z 45
Statystyki odpowiedzi
Państwo Liczba ludności Miasto % Poprawnych
Polska 774 839 Kraków
91%
Hiszpania 1 620 809 Barcelona
84%
Niemcy 1 834 823 Hamburg
82%
Rosja 5 323 300 Petersburg
80%
Portugalia 237 584 Agl.(1 572 186) Porto
79%
Francja 855 393 Marsylia
77%
Litwa 336 912 Kowno
72%
Grecja 315 196 Saloniki
72%
Niderlandy 615 726 Rotterdam
71%
Republika Czeska 404 820 Brno
67%
Włochy 1.369.231 Mediolan
65%
Turcja 4 417 522 Ankara
63%
Austria 273 838 Graz
60%
Ukraina 1 441 362 Charków
59%
Chorwacja 167 121 Split
57%
Szwajcaria 188 234 Genewa
51%
Irlandia 80 765 Cork
50%
Wielka Brytania 1 137 123 Birmingham
48%
Słowacja 239 141 Koszyce
44%
Szwecja 549 839 Göteborg
43%
Kazachstan 1 047 966 Astana
40%
Norwegia 180 959 Bergen
39%
Serbia 372 999 Nowy Sad
31%
Dania 269 022 Aarhus
29%
Belgia 251 133 Gandawa
27%
Słowenia 116 769 Maribor
27%
Liechtenstein 5 109 Vaduz
26%
Białoruś 535 229 Homel
23%
Węgry 211 320 Debreczyn
22%
Rumunia 324 576 Kluż-Napoka
22%
Bułgaria 340 000 Płowdiw
21%
Estonia 102 817 Tartu
21%
Albania 175 110 Durrës
20%
Łotwa 93 312 Dyneburg
20%
Bośnia i Hercegowina 135 059 Banja Luka
19%
Finlandia 228 173 Tampere
14%
Mołdawia 144 800 Bielce
7%
Macedonia Północna 73 100 Bitola
6%
Czarnogóra 56 970 Nikšić
5%
Luksemburg 31 898 Esch-sur-Alzette
3%
Islandia 31 719 Kópavogur
1%
Andora 10 359 La Massana
1%
Kosowo 85 119 Prizren
1%
Malta 15 242 Sliema
1%
San Marino 6 609 Borgo Maggiore
0%
Nie znaleziono quizów pasujących do podanych kryteriów
Rozkład punktacji
Procent ludzi z każdym wynikiem
Percentyl według liczby udzielonych odpowiedzi
Twoja historia wyników
Nie rozwiązałeś tego quizu od ostatniego zresetowania